Statistics for Countries Closest to Greece

Click here to take the quiz!

General Stats

  • This quiz has been taken 1,514 times
  • The average score is 18 of 20

Answer Stats

kmcountrymiles% Correct
0Türkiye0
98%
78Italy49
97%
0Albania0
96%
0Bulgaria0
95%
0North Macedonia0
95%
270Croatia168
94%
263Cyprus164
94%
235Romania146
94%
114Serbia71
94%
282Bosnia and
Herzegovina
175
91%
114Kosovo71
91%
178Montenegro110
91%
375Egypt233
87%
444Moldova276
87%
566Hungary351
83%
572Malta355
82%
259Libya161
80%
433Ukraine269
80%
587Lebanon365
73%
554Syria344
67%

Score Distribution

Percentile by Number Answered

Percent of People with Each Score

Your Score History

You have not taken this quiz